LEADER 01528nam a2200229 i 4500 001 000000203429 003 CaOOAMICUS 005 20110628000000.0 008 110628s1520 xx u000 u lat u 013 $a182141 040 $aSeMil$bita 245 10$aOpera omnia soluta oratione composita in sex partes divisa. 260 $aFirenze :$bper haer. Philippi Juntae,$c1520. 300 $a9,5 x 16 ;$cvol. 4 ;$ccc. I, 272 ;$cII, 228 ;$cIII, effettive 179 ;$cIV, effettive 283 ;$cgr. e rom. 500 $a2 gennaio, 23 maggio, 12 marzo, [4 maggio (IV nonas Maji). - Mancano i voll. V e VI ; Il vol. III è mutilo del primo Dialogo, asportato ; Il vol. IV è mutilo dopo la carta 283 ; mancano quindi sette carte con le note tipografiche che si trovano sul retro della carta 285 come risulta da un esemplare della Biblioteca Ambrosiana. - Descrizione da : Incunaboli e Cinquecentine della Biblioteca del Seminario di Milano / catalogo a cura di Ubaldo Valentini, Milano 1981. - Numero di catalogo : 1318. 650 4$aCinquecentine.$0(OLS)http://semarc/subject/1297 650 4$aMariologia - Testi.$0(OLS)http://semarc/subject/599 700 1 $aPontano, Giovanni Gioviano,$d<1429-1503>.$0(OLS)http://semarc/name/36035 850 $aSeMil 852 $aSeMil$W1$xVenegono$y1$mFV.D II 67-70$j153923$B153923$CSeMilBibl$Z2$F164779 $86 996 $6245$aOpera omnia soluta oratione composita in sex partes divisa$9(OLS)http://semarc/title/294603 996 $6260$aFirenze :$bper haer. Philippi Juntae$9(OLS)http://semarc/publisher/51793 LEADER 01012nas a2200253 i 4500 001 000000095715 003 CaOOAMICUS 005 20141113000000.0 008 141113s2004 it uu u0 0ita r 013 $a67957 020 $a88-384-8476-7 040 $aSeMil$bita 100 1 $aBorghese, Alessandra.$0(OLS)http://semarc/name/36485 245 10$aCon occhi nuovi :$bla storia della mia conversione /$cAlessandra Borghese. 250 $a3. ed. 260 $aCasale Monferrato :$bPiemme,$c2004. 300 $a174 p. ;$c21 cm. 650 4$aConversione religiosa - Testimonianze.$0(OLS)http://semarc/subject/4409 850 $aSeMil 852 $aSeMil$W1$xVenegono$y1$m3F IV 573$j56013$B56013$CSeMilBibl$Z2$F63316 $81 961 $aLascito: Serenthà don Mario 996 $6020$a88-384-8476-7$9(OLS)http://semarc/number/53476 996 $6245$aCon occhi nuovi :$bla storia della mia conversione$9(OLS)http://semarc/title/119231 996 $6260$aCasale Monferrato :$bPiemme$9(OLS)http://semarc/publisher/29798